000
00285nam a2200133Ia 4500
100
_a
Waugh/Ian
650
_a
General
942
_c
BK
654
_a
music
245
_a
Making music on the BBC computer
260
_b
Sunshine Books
_a
London
_c
1984
300
_a
244
546
_a
ENGLISH
999
_c
35656
_d
35656